Генерация и методы снижения шума и звуковой вибрации (некоторые аспекты современного состояния проблемы)

Detalhes bibliográficos
Autor principal: Кравчун П. Н. Павел Николаевич
Idioma:russo
Publicado em: Москва, Изд-во Московского ун-та, 1991
Assuntos:
Formato: Livro
KOHA link:https://koha.lib.tpu.ru/cgi-bin/koha/opac-detail.pl?biblionumber=78206

MARC

LEADER 00000nam0a2200000 4500
001 78206
005 20231031093742.0
010 |a 5211015959 
035 |a (RuTPU)RU\TPU\book\83819 
090 |a 78206 
100 |a 20050614d1991 km y0rusy50 ca 
101 0 |a rus 
102 |a RU 
105 |a a z 001zy 
200 1 |a Генерация и методы снижения шума и звуковой вибрации (некоторые аспекты современного состояния проблемы)  |f П. Н. Кравчун 
210 |a Москва  |c Изд-во Московского ун-та  |d 1991 
215 |a 184 с.  |c ил. 
320 |a Библиогр.: с. 176-183 
610 1 |a акустика 
610 1 |a звуковая вибрация 
610 1 |a шумы 
610 1 |a снижение 
610 1 |a генерация 
610 1 |a звуковая изоляция 
610 1 |a виброизоляция 
610 1 |a диссипативные системы 
675 |a 534.8  |v 3 
700 1 |a Кравчун  |b П. Н.  |g Павел Николаевич 
801 1 |a RU  |b 63413507  |c 20050614  |g PSBO 
801 2 |a RU  |b 63413507  |c 20080524  |g PSBO 
942 |c BK